|
|
|
|
| LEADER |
00629nab a2200181 i 4500 |
| 001 |
acta1196 |
| 005 |
20210310155046.0 |
| 008 |
161015s1982 hu o 0|| rus d |
| 022 |
|
|
|a 0237-9554
|
| 040 |
|
|
|a SZTE Egyetemi Kiadványok Repozitórium
|b hun
|
| 041 |
|
|
|a rus
|
| 100 |
1 |
|
|a Fábricz Károly
|
| 245 |
1 |
0 |
|a K voprosy ob otgraničenii časticy i ot soûza i
|h [elektronikus dokumentum] /
|c Fábricz Károly
|
| 260 |
|
|
|c 1982
|
| 300 |
|
|
|a 65-78
|
| 490 |
0 |
|
|a Dissertationes slavicae. sectio linguistica
|v 15
|
| 695 |
|
|
|a Nyelvtudomány
|
| 856 |
4 |
0 |
|u http://acta.bibl.u-szeged.hu/1196/1/dissert_slav_ling_015_065-078.pdf
|z Dokumentum-elérés
|